[Event "SR 1. liga zapad 2015/2016"]
[Site "?"]
[Date "2015.11.15"]
[Round "4.2"]
[White "Kavon, Rastislav"]
[Black "Ruckschloss, Karol"]
[Result "1-0"]
[WhiteElo "2183"]
[BlackElo "2272"]
[PlyCount "95"]
[EventDate "2015.??.??"]

1. e4 d6 2. d4 Nf6 3. Nc3 g6 4. f4 c6 5. Nf3 Bg7 6. Bd3 O-O 7. O-O b5 8. a3 a6
9. h3 Nbd7 10. Be3 Nb6 11. g4 Ne8 12. f5 Nc4 13. Bxc4 bxc4 14. Nd2 a5 15. Ne2
Ba6 16. c3 e6 17. fxe6 fxe6 18. Rxf8+ Bxf8 19. Nf3 Rb8 20. Rb1 Be7 21. Qd2 d5
22. Bg5 c5 23. Bxe7 Qxe7 24. e5 Nc7 25. dxc5 Qxc5+ 26. Ned4 Rf8 27. Rf1 Bc8 28.
Rf2 Bd7 29. Qg5 Kg7 30. Qe3 Qe7 31. Ne1 Rxf2 32. Qxf2 g5 33. Ndf3 a4 34. Qe3 h6
35. Qa7 Nb5 36. Qf2 Be8 37. Nd4 Nc7 38. Nec2 Na6 39. Nb4 Nc5 40. Nxd5 Qd8 41.
Nb4 Kh7 42. Qf8 Nd7 43. Qd6 Bf7 44. Nxe6 Bxe6 45. Qxe6 Qc7 46. Nd5 Qa7+ 47. Kf1
Nc5 48. Nf6+ 1-0

[Event "SR 1. liga zapad 2015/2016"]
[Site "?"]
[Date "2015.11.15"]
[Round "4.3"]
[White "Janos, Martin"]
[Black "Bango, Lukas"]
[Result "1-0"]
[WhiteElo "2259"]
[BlackElo "2071"]
[PlyCount "57"]
[EventDate "2015.??.??"]

1. e4 c5 2. d4 cxd4 3. Nf3 d6 4. Nxd4 Nf6 5. Bd3 g6 6. c4 Bg7 7. Nc3 O-O 8. O-O
Nc6 9. Nc2 Be6 10. Ne3 Rc8 11. Ncd5 Ne5 12. Rb1 a6 13. b3 Nxd5 14. exd5 Nxd3
15. Qxd3 Bd7 16. Bb2 Bxb2 17. Rxb2 b5 18. Qd4 Qc7 19. Re2 bxc4 20. bxc4 f5 21.
Qh4 Rf7 22. f4 a5 23. Rb1 Rb8 24. Rxb8+ Qxb8 25. Qe1 Qb6 26. Qc3 Rf8 27. h3 Rc8
28. Kh2 Qc5 29. Nxf5 1-0

[Event "SR 1. liga zapad 2015/2016"]
[Site "?"]
[Date "2015.11.15"]
[Round "4.4"]
[White "Puskar, Peter"]
[Black "Janos, Jozef"]
[Result "1/2-1/2"]
[WhiteElo "2124"]
[BlackElo "2121"]
[PlyCount "34"]
[EventDate "2015.??.??"]

1. d4 Nf6 2. Nf3 g6 3. c4 Bg7 4. Nc3 d5 5. Bg5 Ne4 6. Bf4 Nxc3 7. bxc3 O-O 8.
e3 c5 9. Be2 dxc4 10. Bxc4 Nc6 11. O-O a6 12. h3 b5 13. Be2 Qb6 14. Rc1 Rd8 15.
Qc2 Bb7 16. Rfd1 e6 17. Qb1 cxd4 1/2-1/2

[Event "SR 1. liga zapad 2015/2016"]
[Site "?"]
[Date "2015.11.15"]
[Round "4.5"]
[White "Mikulas, Dusan"]
[Black "Szitkey, Milan"]
[Result "1/2-1/2"]
[WhiteElo "2074"]
[BlackElo "2108"]
[PlyCount "21"]
[EventDate "2015.??.??"]

1. e4 e6 2. d4 d5 3. exd5 exd5 4. Bd3 Nf6 5. Nf3 Be7 6. h3 O-O 7. O-O Nbd7 8.
Re1 Re8 9. Bf4 Nf8 10. Ne5 Ne6 11. Be3 1/2-1/2

[Event "SR 1. liga zapad 2015/2016"]
[Site "?"]
[Date "2015.11.15"]
[Round "4.6"]
[White "Lukac, Roman"]
[Black "Sulek, Viliam"]
[Result "1/2-1/2"]
[WhiteElo "2072"]
[BlackElo "2064"]
[PlyCount "41"]
[EventDate "2015.??.??"]

1. e4 c5 2. Nf3 Nc6 3. d4 cxd4 4. Nxd4 Nf6 5. Nc3 d6 6. Bc4 e6 7. Be3 Be7 8.
Qe2 Nxd4 9. Bxd4 O-O 10. Bb3 Bd7 11. f3 Qa5 12. O-O Bc6 13. Qf2 Rfd8 14. Rad1
e5 15. Be3 d5 16. exd5 Bxd5 17. Nxd5 Nxd5 18. Bd2 Qc7 19. Qe2 a5 20. a4 Nf4 21.
Bxf4 1/2-1/2

[Event "SR 1. liga zapad 2015/2016"]
[Site "?"]
[Date "2015.11.15"]
[Round "4.7"]
[White "Sturc, Jan"]
[Black "Drtina, Milan"]
[Result "1/2-1/2"]
[WhiteElo "2057"]
[BlackElo "2175"]
[PlyCount "28"]
[EventDate "2015.??.??"]

1. e4 e5 2. Nf3 Nc6 3. Bb5 a6 4. Ba4 Nf6 5. O-O Be7 6. c3 b5 7. Bb3 d5 8. exd5
Nxd5 9. d4 exd4 10. Nxd4 Na5 11. Nc6 Nxc6 12. Bxd5 Bb7 13. Bf4 O-O 14. Bf3 Na5
1/2-1/2

[Event "SR 1. liga zapad 2015/2016"]
[Site "?"]
[Date "2015.11.15"]
[Round "4.8"]
[White "Stetina, Erik"]
[Black "Hudec, Jan"]
[Result "0-1"]
[WhiteElo "2018"]
[BlackElo "2028"]
[PlyCount "126"]
[EventDate "2015.??.??"]

1. e4 c5 2. Nf3 e6 3. Nc3 Nc6 4. g3 d5 5. exd5 exd5 6. Bg2 Nf6 7. O-O d4 8.
Re1+ Be7 9. Nb5 O-O 10. d3 Be6 11. c4 dxc3 12. bxc3 Qd7 13. Qe2 Rad8 14. Bf1
Bg4 15. Bf4 a6 16. Na3 Nd5 17. Bd2 Bf6 18. Rac1 Rfe8 19. Qd1 Qf5 20. Be2 Rxe2
21. Qxe2 Ne5 22. Nh4 Qd7 23. f3 Bh5 24. Nc4 Nxc4 25. dxc4 Nc7 26. Bf4 Ne6 27.
Ng2 Qc6 28. Kf2 h6 29. Qe4 Qa4 30. Qe2 g5 31. Be5 Bxe5 32. Qxe5 Qxa2+ 33. Re2
Qxc4 34. Ne3 Qb3 35. Nf5 Rd3 36. g4 Bg6 37. Qf6 Bxf5 38. gxf5 Ng7 39. Re7 Qd5
40. Re3 Rxe3 41. Kxe3 Nxf5+ 42. Ke2 Qc4+ 43. Ke1 Qd3 44. Qe5 Nh4 45. Qe8+ Kg7
46. Qe5+ Kg6 47. Qe4+ Qxe4+ 48. fxe4 Kf6 49. Ke2 Ke5 50. Rb1 b5 51. Ra1 Kxe4
52. Rxa6 f5 53. Rxh6 f4 54. Rh5 f3+ 55. Kf2 Kf4 56. Rh8 Ng6 57. Rb8 Ne5 58.
Rf8+ Ke4 59. Re8 g4 60. Kg3 Kd5 61. Kf4 f2 62. Rd8+ Kc4 63. Rd1 Nd3+ 0-1

[Event "SR 1. liga zapad 2015/2016"]
[Site "?"]
[Date "2015.12.12"]
[Round "5.1"]
[White "Maros, Milan"]
[Black "Briestensky, Rastislav St"]
[Result "0-1"]
[WhiteElo "2343"]
[BlackElo "2339"]
[PlyCount "72"]
[EventDate "2015.??.??"]

1. e4 c6 2. d4 d5 3. Nc3 g6 4. Be3 Bg7 5. Qd2 h5 6. O-O-O dxe4 7. Nxe4 Nh6 8.
Bf4 Nf5 9. Nf3 Nd7 10. h3 Nb6 11. c4 Be6 12. Qc2 f6 13. Nc5 Bc8 14. Bd3 h4 15.
Rhe1 Kf7 16. Qe2 Bh6 17. Bxh6 Rxh6 18. Ne6 Qd6 19. Qd2 Bxe6 20. Bxf5 Bxf5 21.
Qxh6 g5 22. c5 Qf4+ 23. Re3 Nd5 24. Rde1 Nxe3 25. Rxe3 Bg6 26. Kd2 Rg8 27. Ke2
Qf5 28. Kf1 Qb1+ 29. Re1 Qxa2 30. Kg1 Qd5 31. b4 e6 32. Re3 Qd8 33. g3 hxg3 34.
fxg3 Rh8 35. Nxg5+ fxg5 36. Rf3+ Bf5 0-1

[Event "SR 1. liga zapad 2015/2016"]
[Site "?"]
[Date "2015.12.12"]
[Round "5.1"]
[White "Banas, Jan"]
[Black "Ondrus, Martin"]
[Result "1/2-1/2"]
[WhiteElo "2270"]
[BlackElo "2306"]
[PlyCount "27"]
[EventDate "2015.??.??"]

1. c4 Nf6 2. Nc3 c5 3. Nf3 d5 4. cxd5 Nxd5 5. e3 Nc6 6. Bb5 Nxc3 7. bxc3 Qc7 8.
d4 e6 9. O-O Be7 10. e4 O-O 11. Qe2 Rd8 12. Rd1 Na5 13. Bd3 b6 14. h4 1/2-1/2

[Event "SR 1. liga zapad 2015/2016"]
[Site "?"]
[Date "2015.12.12"]
[Round "5.1"]
[White "Mokos, Jozef"]
[Black "Martiska, Peter"]
[Result "1/2-1/2"]
[WhiteElo "2250"]
[BlackElo "2234"]
[PlyCount "79"]
[EventDate "2015.??.??"]

1. Nf3 Nf6 2. c4 e6 3. Nc3 d5 4. d4 Nbd7 5. cxd5 exd5 6. Bg5 c6 7. e3 Be7 8.
Bd3 O-O 9. Qc2 Re8 10. O-O Nf8 11. h3 Ng6 12. Ne5 Nd7 13. Bxe7 Qxe7 14. Nxd7
Bxd7 15. Bf5 Rad8 16. Rab1 Qg5 17. Bxd7 Rxd7 18. Kh2 Rde7 19. Ne2 h5 20. b4 a6
21. Rb3 h4 22. a4 f5 23. f4 Qf6 24. Rf3 Nh8 25. Nc1 Nf7 26. Qf2 Nh6 27. Qd2 g5
28. fxg5 Qxg5 29. Ne2 Nf7 30. Nf4 Nd6 31. Qf2 Ne4 32. Qc2 Ng3 33. Qf2 Kh8 34.
Kg1 Ne4 35. Qc2 Kg8 36. Kh2 Nd6 37. Qf2 Ne4 38. Qc2 Ng3 39. Qf2 Ne4 40. Qc2
1/2-1/2

[Event "SR 1. liga zapad 2015/2016"]
[Site "?"]
[Date "2015.12.12"]
[Round "5.1"]
[White "Jancovic, Peter"]
[Black "Kalisky, Vladimir"]
[Result "1-0"]
[WhiteElo "2179"]
[BlackElo "2232"]
[PlyCount "69"]
[EventDate "2015.??.??"]

1. d4 d5 2. c4 c5 3. dxc5 d4 4. b4 a5 5. e3 e5 6. exd4 axb4 7. d5 Bxc5 8. Bb2
Nf6 9. Nd2 O-O 10. Ne2 Qb6 11. Qb3 Bxf2+ 12. Kd1 Bg4 13. h3 Bxe2+ 14. Bxe2 Bd4
15. Rb1 Nbd7 16. Bxd4 Qxd4 17. Qb2 Qe3 18. Re1 Nc5 19. Bf1 Qf2 20. Re2 Qg1 21.
Kc2 e4 22. g4 Nd3 23. Qa1 Ra3 24. Nxe4 Nxe4 25. Rxe4 Rfa8 26. Bxd3 Qf2+ 27. Re2
Rxa2+ 28. Rb2 b3+ 29. Kxb3 Qd4 30. Rxa2 Qxd3+ 31. Kb4 Rc8 32. Qc3 Qg6 33. Qd4
h5 34. gxh5 Qxh5 35. Qg4 1-0

[Event "SR 1. liga zapad 2015/2016"]
[Site "?"]
[Date "2015.12.12"]
[Round "5.1"]
[White "Szucs, Vladimir"]
[Black "Stehlik, Peter"]
[Result "1/2-1/2"]
[WhiteElo "2154"]
[BlackElo "2011"]
[PlyCount "59"]
[EventDate "2015.??.??"]

1. Nf3 Nf6 2. c4 c6 3. d4 d5 4. e3 e6 5. Bd3 Nbd7 6. O-O dxc4 7. Bxc4 b5 8. Be2
a6 9. a3 c5 10. dxc5 Bxc5 11. b4 Be7 12. Bb2 O-O 13. Nc3 Bb7 14. Qb3 Qb6 15.
Rac1 Rac8 16. Rc2 Rfd8 17. Rfc1 h6 18. h3 Bd6 19. Qa2 Qa7 20. Rd2 Be7 21. Rcd1
Qa8 22. Qa1 Nb6 23. Rxd8+ Rxd8 24. Rxd8+ Bxd8 25. Qf1 Nfd7 26. Nb1 Qc8 27. Nbd2
Na4 28. Bd4 Qc7 29. Qa1 Bf6 30. Bxf6 1/2-1/2

[Event "SR 1. liga zapad 2015/2016"]
[Site "?"]
[Date "2015.12.12"]
[Round "5.1"]
[White "Odler, Daniel"]
[Black "Gorusa, Miroslav"]
[Result "1/2-1/2"]
[WhiteElo "2072"]
[BlackElo "2158"]
[PlyCount "57"]
[EventDate "2015.??.??"]

1. e4 e5 2. Nc3 Nf6 3. Bc4 Bc5 4. d3 d6 5. f4 Nc6 6. Nf3 h6 7. Na4 Bb6 8. Nxb6
axb6 9. Bb5 Qe7 10. O-O O-O 11. Bxc6 bxc6 12. fxe5 dxe5 13. Qe2 c5 14. b3 Bg4
15. Bb2 Nd7 16. a4 Rae8 17. Qe3 Bxf3 18. Rxf3 Qd6 19. Raf1 Re6 20. Rf5 Rf6 21.
Qg3 Rxf5 22. Rxf5 Re8 23. h3 Re6 24. Kh2 Qe7 25. Bc3 Rg6 26. Qf2 Re6 27. Qg3
Rg6 28. Qf2 Re6 29. Qg3 1/2-1/2

[Event "SR 1. liga zapad 2015/2016"]
[Site "?"]
[Date "2015.12.12"]
[Round "5.1"]
[White "Horvath, Marian"]
[Black "Hlavina, Lubomir Ml"]
[Result "1/2-1/2"]
[WhiteElo "2174"]
[BlackElo "1983"]
[PlyCount "86"]
[EventDate "2015.??.??"]

1. c4 e5 2. Nc3 Nf6 3. g3 d5 4. cxd5 Nxd5 5. Bg2 Nb6 6. d3 Be7 7. Nf3 Nc6 8. a4
a5 9. O-O Be6 10. Be3 Nd5 11. Bd2 Ndb4 12. Nb5 f6 13. Bc3 Qd7 14. Qd2 Rd8 15.
Rfc1 Bd5 16. Qe3 O-O 17. Nd2 Bxg2 18. Kxg2 Nd5 19. Qe4 Ncb4 20. Qc4 c6 21. Na3
Kh8 22. Ne4 Qg4 23. f3 Ne3+ 24. Kf2 Nxc4 25. fxg4 Nb6 26. Nc4 Nxc4 27. dxc4 Rd7
28. Rd1 Rfd8 29. Rxd7 Rxd7 30. Rc1 Na2 31. Rc2 Bb4 32. Bxb4 Nxb4 33. Rc1 Rd4
34. Ke3 Na6 35. Rc3 Kg8 36. b3 c5 37. Rc1 h6 38. h3 Kf7 39. Nc3 Nb4 40. Nb5 Rd7
41. Nc3 Rd4 42. Nb5 Rd7 43. Nc3 Rd4 1/2-1/2

[Event "SR 1. liga zapad 2015/2016"]
[Site "?"]
[Date "2015.12.12"]
[Round "5.1"]
[White "Amrich, Martin"]
[Black "Pinter, Patrik"]
[Result "0-1"]
[WhiteElo "1989"]
[BlackElo "2147"]
[PlyCount "118"]
[EventDate "2015.??.??"]

1. e4 g6 2. d4 Bg7 3. Nc3 c5 4. Be3 Nc6 5. Nge2 cxd4 6. Nxd4 Nf6 7. Nxc6 bxc6
8. Bc4 O-O 9. O-O Nxe4 10. Nxe4 d5 11. c3 dxc4 12. Qe2 Be6 13. Rad1 Qa5 14. Bc5
Rfe8 15. Bb4 Qc7 16. Rfe1 h6 17. Nd2 a5 18. Ba3 a4 19. Nxc4 c5 20. Nd2 Bxa2 21.
Ne4 Be5 22. g3 h5 23. f4 Bg7 24. Nxc5 Qc6 25. Qe4 Qxe4 26. Rxe4 f5 27. Re3 e5
28. fxe5 Rxe5 29. Rxe5 Bxe5 30. Rd7 Bc4 31. Nd3 Bxd3 32. Rxd3 Kf7 33. Kg2 Ke6
34. Kf3 g5 35. h3 g4+ 36. hxg4 hxg4+ 37. Kf2 Rh8 38. Kg2 Rb8 39. Kf2 Rh8 40.
Kg2 Rb8 41. Kf2 Rc8 42. Kg2 Rc4 43. Kf2 f4 44. gxf4 Rxf4+ 45. Kg2 Re4 46. Rd2
Re3 47. Bc5 Rh3 48. Kg1 Rh5 49. Bd4 Bd6 50. Rg2 g3 51. Kf1 Kd5 52. Ke2 Rh2 53.
Kf3 Kc4 54. Rg1 Rxb2 55. Ke4 g2 56. Rd1 a3 57. Ra1 a2 58. Bg1 Kb3 59. c4 Rb1
0-1

[Event "SR 1. liga zapad 2015/2016"]
[Site "?"]
[Date "2015.12.12"]
[Round "5.2"]
[White "Gazik, Viktor"]
[Black "Berczes, Csaba"]
[Result "1/2-1/2"]
[WhiteElo "2430"]
[BlackElo "2366"]
[PlyCount "118"]
[EventDate "2015.??.??"]

1. e4 d6 2. d4 Nf6 3. Nc3 Nc6 4. Be3 e5 5. d5 Nb8 6. f3 Be7 7. Bc4 O-O 8. Nge2
c6 9. a4 a5 10. O-O Na6 11. Qd2 Nb4 12. Na2 cxd5 13. exd5 Qc7 14. Bb3 Na6 15.
Nac3 Bd7 16. Ra3 Rfc8 17. Rfa1 Nc5 18. Ng3 Qd8 19. Qe2 Ne8 20. Bc4 f5 21. f4
Kh8 22. Rf1 e4 23. Bb5 g6 24. Rd1 Bf6 25. Nf1 Bg7 26. h3 Nf6 27. Bd4 Nh5 28.
Qf2 Bxd4 29. Rxd4 Qf6 30. Bxd7 Nxd7 31. Nb5 Rc5 32. g3 Nb6 33. Ra1 Rac8 34. c3
Rxd5 35. Rxd5 Nxd5 36. Rd1 Qe6 37. Qd4+ Nhf6 38. c4 Nb4 39. Nxd6 Rf8 40. Ne3
Nd3 41. Nxb7 Qc6 42. Nxa5 Qxa4 43. Qd6 Kg7 44. Nc6 Qa6 45. c5 Qa2 46. Nd4 Re8
47. Qc7+ Kh8 48. Qb6 Kg7 49. g4 fxg4 50. hxg4 Re7 51. g5 Nd5 52. Qd6 Qxb2 53.
Nec2 N3xf4 54. Rf1 Qc3 55. Rxf4 Qg3+ 56. Kh1 Qh3+ 57. Kg1 Qg3+ 58. Kh1 Qh3+ 59.
Kg1 Qg3+ 1/2-1/2

[Event "SR 1. liga zapad 2015/2016"]
[Site "?"]
[Date "2015.12.12"]
[Round "5.2"]
[White "Farkas, Gabor"]
[Black "Dobrotka, Martin"]
[Result "1-0"]
[WhiteElo "2345"]
[BlackElo "2183"]
[PlyCount "97"]
[EventDate "2015.??.??"]

1. d4 Nf6 2. c4 d6 3. Nc3 g6 4. e4 Bg7 5. Be2 e5 6. dxe5 dxe5 7. Qxd8+ Kxd8 8.
Nf3 Nc6 9. Bg5 h6 10. O-O-O+ Bd7 11. Be3 Ng4 12. Ng5 Nxe3 13. Nxf7+ Ke7 14.
Rxd7+ Kxd7 15. Nxh8 Rxh8 16. fxe3 h5 17. g4 Bh6 18. Kd2 Nd4 19. gxh5 gxh5 20.
Kd3 Nxe2 21. Nxe2 Rf8 22. Ng3 Rf2 23. Nf5 Bf8 24. Kc3 a5 25. a3 Ke6 26. h3 b6
27. Rg1 Rf3 28. Rg3 Rxg3 29. Nxg3 Kf6 30. Nf5 a4 31. Kd3 Kg6 32. Ke2 Kf6 33.
Kf3 Kg6 34. Nh4+ Kg5 35. Ng2 c6 36. Ne1 Bd6 37. Nd3 Kf6 38. Nc1 b5 39. cxb5
cxb5 40. Na2 Ke6 41. Nc3 b4 42. axb4 Bxb4 43. Nxa4 Kd6 44. Nc3 Ba5 45. Ke2 Bxc3
46. bxc3 Kc5 47. Kd3 h4 48. Kd2 Kb5 49. Kc1 1-0

[Event "SR 1. liga zapad 2015/2016"]
[Site "?"]
[Date "2015.12.12"]
[Round "5.2"]
[White "Hanko, Pavol"]
[Black "Janko, Michal"]
[Result "0-1"]
[WhiteElo "2151"]
[BlackElo "2271"]
[PlyCount "80"]
[EventDate "2015.??.??"]

1. d4 d6 2. Nf3 Bg4 3. g3 Bxf3 4. exf3 e6 5. Bg2 c6 6. O-O g6 7. Re1 Ne7 8. Nd2
d5 9. f4 Bg7 10. Nf3 O-O 11. h4 h5 12. b3 Qa5 13. a4 Nd7 14. Ba3 Rfe8 15. b4
Qb6 16. Bf1 Nf5 17. a5 Qc7 18. b5 Qxa5 19. bxc6 bxc6 20. Ne5 Qc7 21. c3 Nd6 22.
Bd3 Nf6 23. f3 Nb5 24. Bb2 Reb8 25. Ra2 c5 26. g4 cxd4 27. cxd4 Rb7 28. Qd2 Qb6
29. Bb1 Nd6 30. f5 hxg4 31. fxg6 gxf3 32. gxf7+ Nxf7 33. Nxf3 Rab8 34. Ng5 Qd6
35. Re2 Nxg5 36. hxg5 Ne4 37. Qd3 Qg3+ 38. Qxg3 Nxg3 39. Rc2 Rxb2 40. Raxb2
Bxd4+ 0-1

[Event "SR 1. liga zapad 2015/2016"]
[Site "?"]
[Date "2015.12.12"]
[Round "5.2"]
[White "Takacs, Laszlo"]
[Black "Lakatos, Vladimir"]
[Result "0-1"]
[WhiteElo "2183"]
[BlackElo "2057"]
[PlyCount "78"]
[EventDate "2015.??.??"]

1. e4 c5 2. Nf3 e6 3. d4 cxd4 4. Nxd4 a6 5. Bd3 Nf6 6. O-O Qc7 7. Nc3 Nc6 8.
Nb3 b5 9. f4 d6 10. Qe2 Bb7 11. Kh1 Be7 12. f5 b4 13. Na4 exf5 14. exf5 Ne5 15.
Nd4 O-O 16. Bd2 d5 17. Bf4 Bd6 18. h3 Rfe8 19. Qd1 Nxd3 20. Bxd6 Nf2+ 21. Rxf2
Qxd6 22. Rf3 Re4 23. Qd2 Rae8 24. b3 Nh5 25. f6 Ng3+ 26. Kg1 Rxd4 27. Qg5 Ne2+
28. Kf2 g6 29. Qh6 Qf8 30. Qxf8+ Kxf8 31. Nc5 Bc8 32. Re3 Nc3 33. Rxe8+ Kxe8
34. Ke3 Rd1 35. Rxd1 Nxd1+ 36. Kd4 Nc3 37. Nd3 a5 38. Kc5 Bf5 39. Ne1 Kd7 0-1

[Event "SR 1. liga zapad 2015/2016"]
[Site "?"]
[Date "2015.12.12"]
[Round "5.2"]
[White "Kaniansky, Miroslav"]
[Black "Dvorsky, Jozef"]
[Result "1/2-1/2"]
[WhiteElo "2190"]
[BlackElo "2010"]
[PlyCount "92"]
[EventDate "2015.??.??"]

1. d4 f5 2. g3 Nf6 3. Bg2 e6 4. c4 d5 5. Nd2 c6 6. Nh3 Bd6 7. O-O O-O 8. Nf4 g5
9. Nd3 Nbd7 10. cxd5 exd5 11. Nf3 h6 12. Nfe5 Qe8 13. f4 g4 14. Bd2 Kg7 15. Bb4
Bxb4 16. Nxb4 h5 17. Nbd3 Rh8 18. Nxd7 Bxd7 19. Ne5 h4 20. Qb3 h3 21. Bh1 Rb8
22. Rac1 Qe7 23. Rc3 Rhc8 24. Rfc1 Qd6 25. Qa4 a6 26. b4 Be8 27. Qb3 Ng8 28.
Bxd5 Ne7 29. Bc4 Qxd4+ 30. e3 Qe4 31. Qc2 Qxc2 32. R3xc2 Rd8 33. Kf2 Rd6 34.
Ke2 Rbd8 35. Bb3 Nd5 36. a3 Nf6 37. Bc4 Nd5 38. Bd3 Kf6 39. e4 fxe4 40. Bxe4
Bd7 41. Rc5 Be6 42. Bxd5 Rxd5 43. Rxd5 Rxd5 44. Rc5 Rd4 45. Rc1 Kf5 46. Ke3 Rd8
1/2-1/2

[Event "SR 1. liga zapad 2015/2016"]
[Site "?"]
[Date "2015.12.12"]
[Round "5.2"]
[White "Kosar, Mikulas Ml"]
[Black "Huba, Martin"]
[Result "1-0"]
[WhiteElo "1794"]
[BlackElo "2160"]
[PlyCount "87"]
[EventDate "2015.??.??"]

1. d4 Nf6 2. Nf3 e6 3. Bf4 b6 4. e3 Bb7 5. Bd3 Be7 6. Nbd2 d5 7. Ne5 O-O 8. c3
Nbd7 9. Qc2 c5 10. Nxd7 Qxd7 11. h3 Rac8 12. O-O h6 13. Nf3 c4 14. Be2 b5 15.
a3 Qd8 16. Ne5 Qb6 17. g4 Qd8 18. Kh1 Ne4 19. f3 Nd6 20. Rg1 Bh4 21. Rg2 g5 22.
Bh2 Qf6 23. Nd7 Qe7 24. Nxf8 Rxf8 25. Bxd6 Qxd6 26. Rf1 Kg7 27. f4 f6 28. b4
Bc6 29. Bd1 Be8 30. Qe2 Rh8 31. Qf3 Qa6 32. Ra2 Bg6 33. f5 exf5 34. Qxd5 fxg4
35. Qd7+ Bf7 36. Bxg4 Re8 37. Re2 Qb6 38. Bh5 Qe6 39. Qxe6 Rxe6 40. Bxf7 Kxf7
41. Kg2 Kg6 42. e4 h5 43. Rf5 Rxe4 44. Rxf6+ 1-0

[Event "SR 1. liga zapad 2015/2016"]
[Site "?"]
[Date "2015.12.12"]
[Round "5.2"]
[White "Detko, Jan"]
[Black "Kosar, Mikulas St"]
[Result "1-0"]
[WhiteElo "2154"]
[BlackElo "1645"]
[PlyCount "51"]
[EventDate "2015.??.??"]

1. e4 e5 2. Nc3 Nf6 3. Bc4 Nc6 4. d3 h6 5. f4 exf4 6. Bxf4 d6 7. h3 Be6 8. Bb5
Bd7 9. Nf3 a6 10. Ba4 b5 11. Bb3 Na5 12. Qd2 Nxb3 13. axb3 c5 14. O-O-O Be7 15.
g4 b4 16. Nd5 Nxd5 17. exd5 f6 18. Qh2 Bc8 19. Nd2 Bb7 20. Qg2 Qd7 21. Nc4 Qd8
22. Qe4 Kf8 23. Rhe1 Bc8 24. Qg6 Bb7 25. Rxe7 Bxd5 26. Qxg7# 1-0

[Event "SR 1. liga zapad 2015/2016"]
[Site "?"]
[Date "2015.12.12"]
[Round "5.2"]
[White "Meszaros, Nikolas"]
[Black "Reisel, Frantisek"]
[Result "1/2-1/2"]
[WhiteElo "1760"]
[BlackElo "2072"]
[PlyCount "105"]
[EventDate "2015.??.??"]

1. e4 d6 2. Nf3 Nf6 3. Nc3 e5 4. Bc4 Be7 5. h3 Nc6 6. d4 exd4 7. Nxd4 Nxd4 8.
Qxd4 O-O 9. O-O a6 10. a4 Be6 11. Bf4 Qd7 12. Rfd1 Rad8 13. Rd2 Nh5 14. Bh2 Bf6
15. Qd3 Bg5 16. Re2 Bf4 17. g3 Be5 18. h4 Kh8 19. Ra2 Qc6 20. Bd5 Qc5 21. Bxe6
fxe6 22. Kg2 Rf7 23. f4 Bd4 24. Rd2 e5 25. Qf3 g6 26. Ne2 Be3 27. Rd5 Qb6 28.
Rd3 exf4 29. gxf4 Bc5 30. Nc3 Rdf8 31. Nd5 Qa7 32. b4 Bd4 33. c3 Bg7 34. Rf2 c6
35. Ne3 Bh6 36. f5 Bxe3 37. Qxe3 Qxe3 38. Rxe3 gxf5 39. exf5 Rd7 40. Re6 Rf6
41. Rd2 Rxf5 42. Re8+ Kg7 43. Rxd6 Rxd6 44. Bxd6 Rf7 45. Be5+ Nf6 46. Kg3 Kg6
47. Re6 Kf5 48. Rxf6+ Rxf6 49. Bxf6 Kxf6 50. Kg4 Kg6 51. a5 h6 52. c4 Kf6 53.
Kf4 1/2-1/2

[Event "SR 1. liga zapad 2015/2016"]
[Site "?"]
[Date "2015.12.12"]
[Round "5.3"]
[White "Certek, Pavel"]
[Black "Zetocha, Claudiu"]
[Result "1/2-1/2"]
[WhiteElo "2303"]
[BlackElo "2319"]
[PlyCount "94"]
[EventDate "2015.??.??"]

1. d4 Nf6 2. Nf3 g6 3. c4 Bg7 4. Nc3 O-O 5. e4 d6 6. Be2 e5 7. dxe5 dxe5 8.
Qxd8 Rxd8 9. Bg5 Re8 10. Nd5 Nxd5 11. cxd5 c6 12. Bc4 cxd5 13. Bxd5 Nd7 14. Nd2
Nc5 15. Nc4 Bf8 16. O-O Be6 17. Bxe6 Rxe6 18. f3 Rc8 19. b3 b5 20. Ne3 f6 21.
Bh4 Bh6 22. Nd5 Kf7 23. Rad1 Nd7 24. Bf2 Ke8 25. Be3 Bf8 26. Rf2 a5 27. Kf1
Rec6 28. Rfd2 Rc1 29. Ke2 R8c2 30. Rxc2 Rxc2+ 31. Rd2 Rc6 32. Kd1 f5 33. Rc2
Rxc2 34. Kxc2 fxe4 35. fxe4 Bd6 36. a4 bxa4 37. bxa4 Bc5 38. Bd2 Bg1 39. h3 Nc5
40. Nf6+ Kf7 41. Nxh7 Nxa4 42. Bxa5 Be3 43. Bd8 Bh6 44. Bg5 Kg7 45. Bxh6+ Kxh6
46. Nf8 Nc5 47. Kc3 Nxe4+ 1/2-1/2

[Event "SR 1. liga zapad 2015/2016"]
[Site "?"]
[Date "2015.12.12"]
[Round "5.3"]
[White "Hacik, Radomir"]
[Black "Janos, Martin"]
[Result "1/2-1/2"]
[WhiteElo "2195"]
[BlackElo "2248"]
[PlyCount "100"]
[EventDate "2015.??.??"]

1. c4 e5 2. Nc3 Nc6 3. Nf3 f5 4. d3 Nf6 5. a3 d6 6. g3 Be7 7. Bg2 O-O 8. O-O
Kh8 9. Bg5 Be6 10. Qd2 Qd7 11. Bh1 Rab8 12. Rad1 a6 13. b4 Qe8 14. Nh4 f4 15.
e3 h6 16. Bxf6 Bxf6 17. Nf3 Bg4 18. Rc1 Qh5 19. Ne1 fxe3 20. fxe3 Bg5 21. Rxf8+
Rxf8 22. Bxc6 bxc6 23. Ng2 Bh3 24. Re1 Rf3 25. Ne4 d5 26. Nxg5 hxg5 27. cxd5
cxd5 28. Qe2 Bg4 29. Qc2 Qf7 30. a4 Bh3 31. b5 axb5 32. axb5 Kh7 33. Qb2 Qf6
34. Qe2 d4 35. exd4 exd4 36. Nf4 Bg4 37. Qe4+ Kh6 38. Nd5 Qf5 39. Nxc7 Qxe4 40.
Rxe4 Bf5 41. Re1 Rxd3 42. Ne6 Rd2 43. b6 Rb2 44. Nxd4 Bh3 45. Rc1 Kh5 46. Rc2
Rxb6 47. Kf2 Rf6+ 48. Ke3 Bf1 49. Rf2 Kg4 50. Rxf6 gxf6 1/2-1/2

[Event "SR 1. liga zapad 2015/2016"]
[Site "?"]
[Date "2015.12.12"]
[Round "5.3"]
[White "Janos, Jozef"]
[Black "Kubala, Jan"]
[Result "1/2-1/2"]
[WhiteElo "2129"]
[BlackElo "2203"]
[PlyCount "25"]
[EventDate "2015.??.??"]

1. d4 Nf6 2. Nf3 g6 3. g3 Bg7 4. Bg2 O-O 5. O-O d6 6. c4 Nbd7 7. Nc3 e5 8. e3
Re8 9. Qc2 c6 10. b3 Qa5 11. Bd2 Qc7 12. Rac1 Nb6 13. dxe5 1/2-1/2

[Event "SR 1. liga zapad 2015/2016"]
[Site "?"]
[Date "2015.12.12"]
[Round "5.3"]
[White "Sosovicka, Juraj"]
[Black "Sturc, Jan"]
[Result "1-0"]
[WhiteElo "2174"]
[BlackElo "2047"]
[PlyCount "61"]
[EventDate "2015.??.??"]

1. Nf3 d5 2. c4 c6 3. e3 Nf6 4. Nc3 Bf5 5. cxd5 Nxd5 6. d4 e6 7. Bd3 Bb4 8. O-O
Nxc3 9. bxc3 Bxc3 10. Rb1 Bxd3 11. Qxd3 Ba5 12. Rxb7 O-O 13. Ba3 Re8 14. Qc4
Qd5 15. Rc1 f6 16. Qa4 Na6 17. e4 Qd8 18. h3 Qc8 19. Qxc6 Bb6 20. d5 Qxc6 21.
dxc6 Rac8 22. e5 Red8 23. exf6 gxf6 24. Be7 Rd5 25. Bxf6 Nc7 26. Be5 Rb5 27.
Bxc7 Rxc7 28. Rxc7 Bxc7 29. Nd4 Re5 30. a4 Kf7 31. Nb5 1-0

[Event "SR 1. liga zapad 2015/2016"]
[Site "?"]
[Date "2015.12.12"]
[Round "5.3"]
[White "Sturc, Gustav"]
[Black "Castiglione, Mario"]
[Result "0-1"]
[WhiteElo "2024"]
[BlackElo "2199"]
[PlyCount "44"]
[EventDate "2015.??.??"]

1. e4 c5 2. c3 g6 3. d4 d6 4. dxc5 Nf6 5. cxd6 Nc6 6. Bb5 Nxe4 7. Qd4 Nf6 8.
dxe7 Qxe7+ 9. Qe3 Be6 10. Nf3 Bg7 11. O-O O-O 12. Ng5 Ng4 13. Qe2 Qc7 14. g3
Bf5 15. Bf4 Qb6 16. Bd3 Rfe8 17. Qc2 Bxd3 18. Qxd3 Nce5 19. Qe2 h6 20. Bxe5
Nxe5 21. Nf3 Nxf3+ 22. Qxf3 Qxb2 0-1

[Event "SR 1. liga zapad 2015/2016"]
[Site "?"]
[Date "2015.12.12"]
[Round "5.3"]
[White "Kovac, Andrej"]
[Black "Zetocha, Adrian"]
[Result "1-0"]
[WhiteElo "2187"]
[BlackElo "1803"]
[PlyCount "115"]
[EventDate "2015.??.??"]

1. b3 Nf6 2. Bb2 d5 3. e3 c5 4. Nf3 Nc6 5. Bb5 Bd7 6. O-O e6 7. d3 Be7 8. Nbd2
O-O 9. Bxc6 Bxc6 10. Ne5 Be8 11. f4 b5 12. Rf3 Qb6 13. Rh3 d4 14. e4 g6 15. Qe1
Qc7 16. Ndf3 Nh5 17. f5 exf5 18. Rxh5 Bd6 19. exf5 gxh5 20. f6 Kh8 21. Qe4 Rg8
22. Re1 Rc8 23. Bc1 Bxe5 24. Nxe5 Bc6 25. Nxc6 Qxc6 26. Qxc6 Rxc6 27. Bf4 Ra6
28. Re7 Rxa2 29. Rxf7 Rxc2 30. g3 Re8 31. Kf1 Kg8 32. Rg7+ Kh8 33. Re7 Rf8 34.
Be5 h6 35. Rxa7 Rxh2 36. Rg7 Rh1+ 37. Kf2 h4 38. gxh4 Rxh4 39. f7 Rh5 40. Rg5+
Kh7 41. Rg7+ Kh8 42. Rg8+ Kh7 43. Rxf8 Kg6 44. Rc8 Kxf7 45. Rxc5 Ke6 46. Bxd4
Rh4 47. Ke3 h5 48. Rxb5 Rh1 49. b4 h4 50. Re5+ Kd7 51. Rh5 h3 52. Be5 Rb1 53.
Rh4 Re1+ 54. Kd4 Rh1 55. b5 Kc8 56. Rh7 Rb1 57. Kc5 Rd1 58. Rxh3 1-0